| 000 | 01080cam a2200277 a 4500 | ||
|---|---|---|---|
| 003 | EG-GiCUC | ||
| 008 | 160327s2016 jo a g 000 0 ara d | ||
| 017 |
_a2011 / 8 / 3222 _bالاردن . المكتبة الوطنية |
||
| 040 |
_aEG-GiCUC _bara _cEG-GiCUC |
||
| 092 | 0 | 4 |
_a375.001 _bA3985 2016 _221 |
| 099 |
_a04 _a375.001 A3985 2016 |
||
| 100 | 1 | _aعلى : محمد السيد | |
| 245 | 1 | 0 |
_aقضايا و مشكلات معاصرة فى المناهج و طرق التدريس / _cمحمد السيد على |
| 250 | _aط2 | ||
| 260 |
_aعمان : _bدار المسيرة للنشر و التوزيع : _c2016 |
||
| 300 |
_a407ص : _b؛ ايض _c24سم |
||
| 504 | _aيشتمل على ارجاعات ببليوجرافية(ص 403-407 | ||
| 650 | 7 |
_aالمناهج _xتطوير _2qrmak |
|
| 650 | 7 |
_aالمناهج _xتقييم _2qrmak |
|
| 650 | 7 |
_aطرق التدريس _2qrmak |
|
| 902 | _a2 | ||
| 905 |
_aاميرة _eمدخل |
||
| 905 |
_aجيهان _eمراجع |
||
| 942 |
_2ddc _cBK |
||
| 999 |
_c143204 _d143204 |
||